000 00995nam a2200313 c 4500
003 BLK
005 20180420223217.0
008 180408b bul|||||r ||||||| ||bul||
010 _aKNG00067746000
020 _a954-9908-17-8
_bиздат.: ФДК
040 _aBLK
041 _aBUL
_cBUL
080 _aБългарска литература
_b821.163.2
_x-312.9
_z821.163.2-312.9
100 1 _aДемирева, Димитрина
_eпърви автор
_9291465
139 _aДемирева, Димитрина
_bД 40
245 1 0 _aХроники на Логрия
_cДимитрина Демирева.
257 _aBGR
260 София
_bФДК
_c2001
300 _a312 с.
_c21 см
380 _aX
490 1 _aБиблиотека Фантази
500 _aОфс. изд.
653 _aфантастика
852 _aЦб 228976
856 4 _qpdf
_u
856 4 _qpdf
_u
942 _cKNG
_n0
944 _aCR
_c18.08.2006
_kЦветанка_Енчева
944 _aED
_c02.11.2006
_k
999 _c63506
_d63506